| 000 | 00646nam a22001337a 4500 | ||
|---|---|---|---|
| 040 | _cRUA | ||
| 082 | _aAGR YAN 2011 B049 Or.1 | ||
| 100 | _aYAN, SARATH. | ||
| 245 | _aEffect of oganic fertilizer on yield of cucumber under plastic house ឥទ្ធិពលនៃជីធម្មជាតិទៅលើទិន្នផលដំណាំត្រសក់ ក្នុងលក្ខខណ្ឌផ្ទះពិសោធន៏ប្លាស្ទិក | ||
| 260 |
_aPhnom Penh _bRUA _c2011 |
||
| 300 |
_axiv, 38p. _bill. _c29cm. |
||
| 856 | _uhttps://drive.google.com/file/d/1aKc_6lEtIZ8OtZPlBACWjxBCtE4Xh3r0/view?usp=sharing | ||
| 942 | _cAGR | ||
| 999 |
_c1143 _d1143 |
||